| 000 | 00338nam a2200121Ia 4500 | ||
|---|---|---|---|
| 008 | 210430s9999 xx 000 0 und d | ||
| 082 | _a901 G284 H | ||
| 100 | _aDonald V.Gawronski | ||
| 245 |
_aHistory Meaning and Method _cDonald V.Gawronski |
||
| 260 |
_aIslamabad _bNational Book Foundation _c1967 |
||
| 300 | _a117p | ||
| 942 |
_cBK _2ddc |
||
| 999 |
_c563383 _d563383 |
||